[Event "43. Olimpiada Batumi 2018 Femenina"]
[Site "Batumi GEO"]
[Date "2018.10.05"]
[Round "11.1"]
[White "Lieketseng, Ngatane"]
[Black "Caxita, Esperanca"]
[Result "0-1"]
[WhiteElo "1518"]
[BlackElo "1803"]
[PlyCount "78"]
[EventDate "2018.09.24"]
[EventType "team-swiss"]
[EventRounds "11"]
[EventCountry "GEO"]
[SourceTitle "Ajedrez en Madrid"]
[Source "lmi"]
[SourceDate "2018.09.24"]
[WhiteTeam "Lesotho"]
[BlackTeam "Angola"]
[WhiteTeamCountry "LES"]
[BlackTeamCountry "ANG"]

1. e4 d5 2. exd5 Qxd5 3. Nc3 Qd6 4. Nf3 Nf6 5. Be2 a6 6. d4 Nc6 7. a3 Bg4 8. d5
Ne5 9. O-O Bxf3 10. Bxf3 O-O-O 11. Bf4 h6 12. Re1 Nxf3+ 13. Qxf3 Qc5 14. Rad1
g5 15. Be3 Qd6 16. b4 g4 17. Qf5+ Qd7 18. Qxd7+ Rxd7 19. Bd4 Bg7 20. Ne4 Rxd5
21. Bxf6 Rxd1 22. Rxd1 Bxf6 23. Nxf6 exf6 24. g3 Rd8 25. Rxd8+ Kxd8 26. Kf1 Ke7
27. c4 Ke6 28. Ke2 Ke5 29. Ke3 f5 30. c5 f6 31. f4+ Kd5 32. Kd3 b5 33. cxb6
cxb6 34. a4 b5 35. a5 h5 36. Kc3 Ke4 37. Kc2 Kd4 38. Kb3 Kd3 39. Kb2 Kc4 0-1

[Event "43. Olimpiada Batumi 2018 Femenina"]
[Site "Batumi GEO"]
[Date "2018.10.05"]
[Round "11.2"]
[White "Pires, Luzia"]
[Black "Malehloa, Likhomo"]
[Result "1-0"]
[WhiteElo "1729"]
[BlackElo "1174"]
[PlyCount "165"]
[EventDate "2018.09.24"]
[EventType "team-swiss"]
[EventRounds "11"]
[EventCountry "GEO"]
[SourceTitle "Ajedrez en Madrid"]
[Source "lmi"]
[SourceDate "2018.09.24"]
[WhiteTeam "Angola"]
[BlackTeam "Lesotho"]
[WhiteTeamCountry "ANG"]
[BlackTeamCountry "LES"]

1. e4 e6 2. d4 d5 3. exd5 exd5 4. Bd3 Nf6 5. h3 Be7 6. Nf3 O-O 7. Be3 a6 8. c3
Nc6 9. Nbd2 Be6 10. Bb1 Qc8 11. Qc2 g6 12. Qd1 Bf5 13. O-O Re8 14. Bxf5 Qxf5
15. Nh4 Qc8 16. Nhf3 Bf8 17. Bg5 Bg7 18. Qb3 Ne7 19. Rfe1 c6 20. Qb4 Nf5 21.
Rxe8+ Nxe8 22. Re1 Nc7 23. Bf4 Ne6 24. Be5 Bxe5 25. Nxe5 Rb8 26. Ndf3 b6 27. g4
c5 28. Qa4 Ne7 29. Qd7 Qxd7 30. Nxd7 Rb7 31. Nde5 Rc7 32. Rd1 f6 33. Nd3 cxd4
34. cxd4 Kf7 35. Rc1 Rxc1+ 36. Nxc1 Nc6 37. Ne2 Ke7 38. Kf1 Kd7 39. a3 a5 40.
Ke1 Kd6 41. Kd2 b5 42. b3 b4 43. a4 h6 44. Ke3 Ke7 45. Nh4 Kf7 46. Ng2 g5 47.
Kd3 Ke7 48. Ne3 Nc7 49. Nf5+ Kf7 50. Nxh6+ Kg6 51. Nf5 Ne6 52. Ke3 Kf7 53. f4
Kg6 54. fxg5 fxg5 55. Kf3 Kf6 56. Ke3 Kg6 57. Nd6 Kf6 58. Nb7 Ke7 59. Nc5 Kf6
60. Nxe6 Kxe6 61. Kf3 Kf6 62. Kg3 Kg6 63. h4 gxh4+ 64. Kxh4 Kh6 65. g5+ Kg7 66.
Kh5 Kh7 67. g6+ Kg7 68. Kg5 Ne7 69. Nf4 Nc6 70. Ne6+ Kg8 71. Kf6 Nb8 72. Ke5
Nd7+ 73. Kxd5 Nb6+ 74. Kc6 Nxa4 75. Kb5 Nc3+ 76. Kxa5 Nd5 77. Kb5 Ne7 78. Nf4
Kg7 79. Kxb4 Kf6 80. d5 Ke5 81. Kc5 Kxf4 82. g7 Ke5 83. d6 1-0

[Event "43. Olimpiada Batumi 2018 Femenina"]
[Site "Batumi GEO"]
[Date "2018.10.05"]
[Round "11.3"]
[White "McPherson, Naleli"]
[Black "Junior, Ednasia"]
[Result "0-1"]
[WhiteElo "1267"]
[BlackElo "1725"]
[PlyCount "120"]
[EventDate "2018.09.24"]
[EventType "team-swiss"]
[EventRounds "11"]
[EventCountry "GEO"]
[SourceTitle "Ajedrez en Madrid"]
[Source "lmi"]
[SourceDate "2018.09.24"]
[WhiteTeam "Lesotho"]
[BlackTeam "Angola"]
[WhiteTeamCountry "LES"]
[BlackTeamCountry "ANG"]

1. e4 e5 2. Nf3 d6 3. Bc4 Be7 4. O-O Nf6 5. d3 h6 6. Nbd2 Nc6 7. c3 Na5 8. Bb5+
c6 9. Ba4 b5 10. Bc2 O-O 11. Re1 Bd7 12. Nf1 Nh7 13. Ng3 Ng5 14. Bd2 Nb7 15.
Qe2 Bg4 16. Nf5 Bf6 17. Bxg5 Bxg5 18. h3 Bh5 19. g4 Bg6 20. Nxg5 Qxg5 21. Kh2
Bh7 22. h4 Qf4+ 23. Ng3 Nd8 24. Kh3 g6 25. Qe3 Ne6 26. Qxf4 Nxf4+ 27. Kh2 c5
28. f3 Rfc8 29. Ne2 g5 30. hxg5 hxg5 31. Nxf4 gxf4 32. Kg2 Kg7 33. Rh1 Bg6 34.
a3 a5 35. Kf2 Rh8 36. Bb3 Kf6 37. Bd5 Rac8 38. Rxh8 Rxh8 39. Kg2 Rc8 40. Bb7
Rb8 41. Bd5 a4 42. Rb1 b4 43. axb4 cxb4 44. cxb4 Rxb4 45. Ba2 Ke7 46. Kf2 f6
47. Ke1 Bf7 48. Bxf7 Kxf7 49. Ra1 Ke6 50. Kd1 Rxb2 51. Ke1 Rb4 52. Kd2 d5 53.
Rc1 Rb2+ 54. Rc2 Rxc2+ 55. Kxc2 dxe4 56. dxe4 Kd6 57. Kc3 Kc5 58. Kb2 Kd4 59.
Ka3 Ke3 60. Kxa4 Kxf3 0-1

[Event "43. Olimpiada Batumi 2018 Femenina"]
[Site "Batumi GEO"]
[Date "2018.10.05"]
[Round "11.4"]
[White "Gabriel, Irineia G"]
[Black "Leboela, Maboloko"]
[Result "1-0"]
[WhiteElo "1652"]
[BlackElo "1306"]
[PlyCount "81"]
[EventDate "2018.09.24"]
[EventType "team-swiss"]
[EventRounds "11"]
[EventCountry "GEO"]
[SourceTitle "Ajedrez en Madrid"]
[Source "lmi"]
[SourceDate "2018.09.24"]
[WhiteTeam "Angola"]
[BlackTeam "Lesotho"]
[WhiteTeamCountry "ANG"]
[BlackTeamCountry "LES"]

1. e4 e5 2. Nf3 Nc6 3. d4 exd4 4. Bc4 Bb4+ 5. c3 dxc3 6. Nxc3 Bxc3+ 7. bxc3 h6
8. O-O Nge7 9. Nd4 O-O 10. Bb3 d6 11. Qf3 Ne5 12. Qg3 N7g6 13. f4 c5 14. fxe5
Nxe5 15. Nf5 Bxf5 16. Rxf5 Kh7 17. Rh5 c4 18. Bc2 Qb6+ 19. Be3 Qb2 20. Rc1 Rg8
21. Qg5 Rh8 22. Qf5+ Kg8 23. Qh3 Qxc3 24. Bb1 Qa3 25. Re1 Qc3 26. Qg3 b5 27.
Rh3 a5 28. Rc1 Qa3 29. Qe1 Nd3 30. Bxd3 Qxd3 31. Bc5 Qxh3 32. gxh3 dxc5 33. Rd1
b4 34. e5 c3 35. Qe4 Rc8 36. Qc4 a4 37. e6 fxe6 38. Qxe6+ Kh7 39. Qf5+ Kg8 40.
Qxc8+ Kh7 41. Qf5+ 1-0

[Event "43. Olimpiada Batumi 2018 Femenina"]
[Site "Batumi GEO"]
[Date "2018.10.05"]
[Round "11.1"]
[White "Kollari, Hafife"]
[Black "Magne, Kouokam Sylviane"]
[Result "1/2-1/2"]
[WhiteElo "1437"]
[BlackElo "1308"]
[PlyCount "81"]
[EventDate "2018.09.24"]
[EventType "team-swiss"]
[EventRounds "11"]
[EventCountry "GEO"]
[SourceTitle "Ajedrez en Madrid"]
[Source "lmi"]
[SourceDate "2018.09.24"]
[WhiteTeam "Kosovo"]
[BlackTeam "Cameroon"]
[WhiteTeamCountry "KOS"]
[BlackTeamCountry "CAM"]

1. e4 d5 2. exd5 Qxd5 3. Nc3 Qd6 4. d4 g6 5. Nf3 Bg7 6. h3 a6 7. Be3 Nf6 8. Be2
b6 9. Qd2 Nc6 10. a3 e6 11. O-O Bb7 12. Rad1 Ne7 13. Bf4 Qd8 14. Bh6 Nf5 15.
Bxg7 Nxg7 16. Ne5 O-O 17. Bf3 Bxf3 18. Nxf3 Kh8 19. Rfe1 Re8 20. Ne5 Kg8 21.
Qg5 Nd5 22. Qxd8 Raxd8 23. Nxd5 exd5 24. c3 f6 25. Nf3 Rxe1+ 26. Rxe1 Kf7 27.
g4 Re8 28. Kf1 Re4 29. Nd2 Rf4 30. Re3 g5 31. Rf3 Ne6 32. Kg2 Rxf3 33. Nxf3
Nf4+ 34. Kg3 h6 35. Ne1 a5 36. a4 c5 37. dxc5 bxc5 38. b3 Ne2+ 39. Kf3 Nxc3 40.
Nd3 Ne4 41. Ke3 1/2-1/2

[Event "43. Olimpiada Batumi 2018 Femenina"]
[Site "Batumi GEO"]
[Date "2018.10.05"]
[Round "11.1"]
[White "Kovacova, Zuzana"]
[Black "Gemota, Joan"]
[Result "1-0"]
[WhiteElo "2079"]
[BlackElo "1346"]
[PlyCount "89"]
[EventDate "2018.09.24"]
[EventType "team-swiss"]
[EventRounds "11"]
[EventCountry "GEO"]
[SourceTitle "Ajedrez en Madrid"]
[Source "lmi"]
[SourceDate "2018.09.24"]
[WhiteTeam "Bermuda"]
[BlackTeam "Palau"]
[WhiteTeamCountry "BER"]
[BlackTeamCountry "PAL"]

1. e4 e5 2. Nf3 Nc6 3. Bb5 Nf6 4. O-O Bd6 5. Re1 O-O 6. d4 Re8 7. Bg5 a6 8. Ba4
b5 9. Bb3 Bb7 10. c3 h6 11. Bh4 Qc8 12. Bxf6 gxf6 13. Nh4 Kh8 14. Qh5 Bf8 15.
Qxf7 Bg7 16. Nf5 Rg8 17. Qg6 Qe8 18. Bf7 Qf8 19. Bxg8 Qxg8 20. Nxh6 Bxh6 21.
Qxh6+ Qh7 22. Qxf6+ Qg7 23. Qxg7+ Kxg7 24. d5 Ne7 25. Nd2 d6 26. f3 Rf8 27. Kf2
Ng6 28. g3 Bc8 29. h4 Nh8 30. Ke3 Kh7 31. a4 bxa4 32. Rxa4 Rg8 33. Rg1 Nf7 34.
c4 Nd8 35. b4 c6 36. g4 Rh8 37. c5 dxc5 38. bxc5 Kg8 39. h5 Nb7 40. Rxa6 Kh7
41. Rxc6 Rg8 42. Rc7+ Kh8 43. d6 Rd8 44. Nc4 Kg8 45. Nxe5 1-0

[Event "43. Olimpiada Batumi 2018 Femenina"]
[Site "Batumi GEO"]
[Date "2018.10.05"]
[Round "11.2"]
[White "Mission, Baby Edna"]
[Black "Cancino, Shiela"]
[Result "0-1"]
[WhiteElo "1475"]
[BlackElo "1456"]
[PlyCount "68"]
[EventDate "2018.09.24"]
[EventType "team-swiss"]
[EventRounds "11"]
[EventCountry "GEO"]
[SourceTitle "Ajedrez en Madrid"]
[Source "lmi"]
[SourceDate "2018.09.24"]
[WhiteTeam "Palau"]
[BlackTeam "Bermuda"]
[WhiteTeamCountry "PAL"]
[BlackTeamCountry "BER"]

1. d4 Nf6 2. e3 e6 3. Bd3 d5 4. c3 c5 5. b3 Nc6 6. Nd2 Bd6 7. Bb2 cxd4 8. cxd4
O-O 9. Ngf3 h6 10. O-O Bd7 11. a3 Rc8 12. b4 Re8 13. Ne5 Ne7 14. f4 Nf5 15. Qe2
h5 16. Ndf3 Ng4 17. Nxg4 hxg4 18. Ne5 Bxe5 19. fxe5 Qg5 20. Rf4 g3 21. h3 g6
22. Re1 Kg7 23. Rg4 Qe7 24. Bxf5 exf5 25. Rxg3 Rh8 26. Rf1 Rh4 27. Rf4 Rxf4 28.
exf4 Ba4 29. Rc3 Rxc3 30. Bxc3 a6 31. Qf3 Bb3 32. Qxd5 Bxd5 33. Kh2 Qc7 34. Be1
Qc2 0-1

[Event "43. Olimpiada Batumi 2018 Femenina"]
[Site "Batumi GEO"]
[Date "2018.10.05"]
[Round "11.1"]
[White "Jambo, Linda"]
[Black "Joshi, Sindira"]
[Result "0-1"]
[WhiteElo "1482"]
[BlackElo "1584"]
[PlyCount "146"]
[EventDate "2018.09.24"]
[EventType "team-swiss"]
[EventRounds "11"]
[EventCountry "GEO"]
[SourceTitle "Ajedrez en Madrid"]
[Source "lmi"]
[SourceDate "2018.09.24"]
[WhiteTeam "Malawi"]
[BlackTeam "Nepal"]
[WhiteTeamCountry "MWI"]
[BlackTeamCountry "NEP"]

1. e4 e5 2. Nf3 Nf6 3. Nxe5 d6 4. Nf3 Nxe4 5. Be2 d5 6. O-O Bc5 7. d4 Bb6 8.
Be3 O-O 9. Nbd2 Bf5 10. Nxe4 Bxe4 11. Bd3 Nd7 12. Bxe4 dxe4 13. Nd2 f5 14. Nc4
f4 15. Nxb6 Nxb6 16. Bc1 f3 17. g3 Qd7 18. Kh1 Rf6 19. c3 Rf5 20. Rg1 Rh5 21.
Qf1 Qg4 22. Bf4 Rh3 23. Re1 Re8 24. Qb5 c6 25. Qg5 Qxg5 26. Bxg5 Nc4 27. b3 Nb2
28. Re3 Nd3 29. Rf1 h6 30. Bf4 Nxf4 31. gxf4 Rh4 32. Rfe1 Rxf4 33. h3 Kf7 34.
Kh2 g5 35. Kg3 Re6 36. h4 Rxh4 37. a4 h5 38. c4 Rg4+ 39. Kh3 Kf6 40. d5 cxd5
41. cxd5 Rd6 42. Rxe4 Rxe4 43. Rxe4 Rxd5 44. Re3 g4+ 45. Kg3 Re5 46. Rd3 Ke6
47. Rd8 Rd5 48. Re8+ Kd7 49. Rh8 Kc6 50. b4 a6 51. Rh6+ Kc7 52. Rh7+ Kb6 53.
Rh6+ Ka7 54. a5 Rb5 55. Rh7 Rxb4 56. Rxh5 Rb5 57. Kxg4 Rxh5 58. Kxh5 b6 59.
axb6+ Kxb6 60. Kg4 Kc5 61. Kxf3 a5 62. Kg4 a4 63. f4 a3 64. f5 a2 65. f6 a1=Q
66. Kf5 Qa8 67. Ke6 Qf8 68. f7 Kc6 69. Kf6 Kd7 70. Kg6 Ke7 71. Kh7 Qxf7+ 72.
Kh8 Qf1 73. Kg7 Qg1+ 0-1

[Event "43. Olimpiada Batumi 2018 Femenina"]
[Site "Batumi GEO"]
[Date "2018.10.05"]
[Round "11.2"]
[White "Lohani, Sujana"]
[Black "Nkhoma, Desiderata"]
[Result "1-0"]
[WhiteElo "1537"]
[BlackElo "1502"]
[PlyCount "53"]
[EventDate "2018.09.24"]
[EventType "team-swiss"]
[EventRounds "11"]
[EventCountry "GEO"]
[SourceTitle "Ajedrez en Madrid"]
[Source "lmi"]
[SourceDate "2018.09.24"]
[WhiteTeam "Nepal"]
[BlackTeam "Malawi"]
[WhiteTeamCountry "NEP"]
[BlackTeamCountry "MWI"]

1. d4 Nf6 2. Nf3 g6 3. g3 Bg7 4. Bg2 O-O 5. O-O d5 6. c4 dxc4 7. Na3 Nc6 8.
Nxc4 Ne4 9. e3 e6 10. Nfe5 Nxe5 11. Nxe5 Nd6 12. Qc2 Rb8 13. b3 b6 14. Nc6 Qe8
15. Nxb8 Bb7 16. Bxb7 Nxb7 17. Nc6 f5 18. Ba3 Rf7 19. Rac1 h5 20. Ne7+ Kh7 21.
Qxc7 Bf8 22. Qxb7 Bxe7 23. Rc7 Bxa3 24. Rxf7+ Kh6 25. Rh7+ Kg5 26. f4+ Kf6 27.
Qg7# 1-0

[Event "43. Olimpiada Batumi 2018 Femenina"]
[Site "Batumi GEO"]
[Date "2018.10.05"]
[Round "11.3"]
[White "Mpinganjira, Ellen"]
[Black "Khamboo, Monalisha"]
[Result "1/2-1/2"]
[WhiteElo "1412"]
[BlackElo "1704"]
[PlyCount "131"]
[EventDate "2018.09.24"]
[EventType "team-swiss"]
[EventRounds "11"]
[EventCountry "GEO"]
[SourceTitle "Ajedrez en Madrid"]
[Source "lmi"]
[SourceDate "2018.09.24"]
[WhiteTeam "Malawi"]
[BlackTeam "Nepal"]
[WhiteTeamCountry "MWI"]
[BlackTeamCountry "NEP"]

1. e4 c5 2. Nf3 d6 3. b3 Nf6 4. Nc3 Nc6 5. Bb5 Bd7 6. Bb2 a6 7. Bxc6 Bxc6 8. d3
Qc7 9. O-O e5 10. h3 g6 11. Ne2 Bg7 12. Ng3 O-O 13. Nh2 b5 14. a3 c4 15. Re1
cxd3 16. cxd3 Rac8 17. Rc1 Qd7 18. b4 Bb7 19. Qe2 Rxc1 20. Rxc1 Rc8 21. Rxc8+
Qxc8 22. Nf3 Bh6 23. Qd1 Nd7 24. Nh2 Nb6 25. Ng4 Bg5 26. Ne2 h5 27. Nh2 Na4 28.
Ba1 Qc7 29. Nf3 Bh6 30. Kh1 Qb6 31. Kg1 a5 32. Nc3 axb4 33. axb4 Qa6 34. Kh1
Nxc3 35. Bxc3 Qa2 36. Qe1 Qc2 37. d4 exd4 38. Nxd4 Qxe4 39. Qxe4 Bxe4 40. Nxb5
d5 41. Nd6 Bd3 42. b5 Bf4 43. Bb4 Bxd6 44. Bxd6 Bxb5 45. f4 d4 46. Kg1 d3 47.
Bb4 f6 48. Kf2 Kf7 49. Ke3 Ke6 50. g3 Kd5 51. Bd2 f5 52. h4 Kc4 53. Be1 Kb3 54.
Bd2 Kc2 55. Be1 Kc1 56. Bd2+ Kd1 57. Bc3 Kc2 58. Bd2 Bc6 59. Be1 Be4 60. Bd2
Bf3 61. Be1 Be2 62. Bd2 Kb3 63. Be1 Kc4 64. Bd2 Kd5 65. Be1 Kc4 66. Bd2 1/2-1/2

[Event "43. Olimpiada Batumi 2018 Femenina"]
[Site "Batumi GEO"]
[Date "2018.10.05"]
[Round "11.4"]
[White "Thapa, Khusbu"]
[Black "Ngugama, Magret"]
[Result "1-0"]
[WhiteElo "1411"]
[BlackElo "1306"]
[PlyCount "113"]
[EventDate "2018.09.24"]
[EventType "team-swiss"]
[EventRounds "11"]
[EventCountry "GEO"]
[SourceTitle "Ajedrez en Madrid"]
[Source "lmi"]
[SourceDate "2018.09.24"]
[WhiteTeam "Nepal"]
[BlackTeam "Malawi"]
[WhiteTeamCountry "NEP"]
[BlackTeamCountry "MWI"]

1. d4 d5 2. Bf4 Nf6 3. e3 e6 4. c3 c6 5. Nf3 Bd6 6. Bg3 O-O 7. Nbd2 Nh5 8. Bd3
Nxg3 9. hxg3 f5 10. Ne5 Bxe5 11. dxe5 Qg5 12. Nf3 Qe7 13. Qc2 g6 14. O-O-O Na6
15. Rh6 Bd7 16. Rdh1 Rf7 17. g4 Nc5 18. gxf5 Nxd3+ 19. Qxd3 exf5 20. e6 Bxe6
21. Ne5 Rg7 22. f4 Rc8 23. Nf3 Rc7 24. Ng5 Qd6 25. Qd4 Rce7 26. Qxa7 Bc8 27.
Qd4 c5 28. Qd3 b6 29. g3 Ra7 30. a3 Ba6 31. Qd2 Rge7 32. Rd1 Bc4 33. Re1 Qc6
34. Nf3 Qa4 35. Ne5 Ba2 36. Qd3 Rac7 37. Qc2 Bb3 38. Qh2 Rg7 39. Qh1 Qa8 40. c4
Qd8 41. Qxd5+ Qxd5 42. cxd5 Rc8 43. d6 Ba4 44. Rh2 c4 45. Rd2 c3 46. Rd4 cxb2+
47. Kxb2 Bd7 48. Rb4 b5 49. Rc1 Rxc1 50. Kxc1 Kf8 51. a4 Be8 52. axb5 Ra7 53.
b6 Rb7 54. d7 Bxd7 55. Nxd7+ Rxd7 56. b7 Rc7+ 57. Kb2 1-0

[Event "43. Olimpiada Batumi 2018 Femenina"]
[Site "Batumi GEO"]
[Date "2018.10.05"]
[Round "11.2"]
[White "Alraqum, Shahad"]
[Black "Uwase, Joselyne"]
[Result "0-1"]
[WhiteElo "1458"]
[BlackElo "1551"]
[PlyCount "84"]
[EventDate "2018.09.24"]
[EventType "team-swiss"]
[EventRounds "11"]
[EventCountry "GEO"]
[SourceTitle "Ajedrez en Madrid"]
[Source "lmi"]
[SourceDate "2018.09.24"]
[WhiteTeam "Kuwait"]
[BlackTeam "Rwanda"]
[WhiteTeamCountry "KUW"]
[BlackTeamCountry "RWA"]

1. e4 e5 2. Nf3 Nc6 3. d4 d5 4. dxe5 dxe4 5. Ng5 Qxd1+ 6. Kxd1 Bg4+ 7. Be2 Rd8+
8. Bd2 Nxe5 9. Nxe4 Bxe2+ 10. Kxe2 Bd6 11. Nbc3 Nc4 12. b3 Nxd2 13. Nxd2 Be5
14. Nde4 f5 15. f4 Bxf4 16. Rhf1 Bxh2 17. Rxf5 Ne7 18. Rff1 Be5 19. Rad1 Rxd1
20. Kxd1 Bxc3 21. Nxc3 c6 22. Ne4 Kd8 23. Rf7 Rg8 24. Kd2 b6 25. c4 Kd7 26. Ke3
h6 27. Kf4 Ke6 28. Rxe7+ Kxe7 29. Ke5 Rf8 30. c5 Rf1 31. cxb6 axb6 32. a4 Re1
33. b4 Rb1 34. a5 Rxb4 35. axb6 Rxb6 36. Kf5 Rb5+ 37. Kg6 Kf8 38. Nd6 Rg5+ 39.
Kh7 Rxg2 40. Nf7 Kxf7 41. Kh8 h5 42. Kh7 h4 0-1

[Event "43. Olimpiada Batumi 2018 Femenina"]
[Site "Batumi GEO"]
[Date "2018.10.05"]
[Round "11.2"]
[White "Aishath, Alya Mohamed"]
[Black "Benson, Maud"]
[Result "1-0"]
[WhiteElo "1070"]
[BlackElo "1334"]
[PlyCount "101"]
[EventDate "2018.09.24"]
[EventType "team-swiss"]
[EventRounds "11"]
[EventCountry "GEO"]
[SourceTitle "Ajedrez en Madrid"]
[Source "lmi"]
[SourceDate "2018.09.24"]
[WhiteTeam "Maldives"]
[BlackTeam "Ghana"]
[WhiteTeamCountry "MDV"]
[BlackTeamCountry "GHA"]

1. d4 Nf6 2. c4 e6 3. Nc3 d5 4. e3 Bb4 5. Bd2 Nbd7 6. Nf3 b6 7. Be2 O-O 8. O-O
Bb7 9. b3 Bxc3 10. Bxc3 Rc8 11. Bd3 h6 12. Re1 c5 13. Rc1 Re8 14. h3 Qc7 15.
Nd2 cxd4 16. exd4 Qc6 17. Nf3 Qc7 18. Ne5 Nxe5 19. dxe5 Nd7 20. Qd2 Red8 21.
Bd4 Qb8 22. Qe3 dxc4 23. Bxc4 Bc6 24. f3 Qb7 25. Qe2 Nf8 26. Ba6 Qd7 27. Red1
Qe7 28. Bxc8 Rxc8 29. Bf2 Ng6 30. Bg3 Qg5 31. Bh2 Rc7 32. Rb1 Nh4 33. Kh1 Qf5
34. Rf1 Bxf3 35. gxf3 Rc2 36. Qe4 Rxa2 37. Qxf5 Nxf5 38. Rfd1 Rf2 39. f4 Ra2
40. Ra1 Rxa1 41. Rxa1 Nd4 42. b4 Nc2 43. Rxa7 Nxb4 44. Rb7 Nd5 45. Kg2 g5 46.
fxg5 hxg5 47. Kf3 Kg7 48. Bg1 Kg6 49. Bxb6 Nxb6 50. Rxb6 Kf5 51. Rb5 1-0

[Event "43. Olimpiada Batumi 2018 Femenina"]
[Site "Batumi GEO"]
[Date "2018.10.05"]
[Round "11.3"]
[White "Felix, Tobi"]
[Black "Nihaya, Ahmed"]
[Result "1-0"]
[WhiteElo "1468"]
[BlackElo "1117"]
[PlyCount "105"]
[EventDate "2018.09.24"]
[EventType "team-swiss"]
[EventRounds "11"]
[EventCountry "GEO"]
[SourceTitle "Ajedrez en Madrid"]
[Source "lmi"]
[SourceDate "2018.09.24"]
[WhiteTeam "Ghana"]
[BlackTeam "Maldives"]
[WhiteTeamCountry "GHA"]
[BlackTeamCountry "MDV"]

1. d4 d5 2. Bf4 c6 3. e3 Bf5 4. Nf3 e6 5. c3 Bd6 6. Bxd6 Qxd6 7. Qb3 Qc7 8. Be2
Nd7 9. Nbd2 Ngf6 10. O-O O-O 11. Rfe1 Qb6 12. Nh4 Bg6 13. Qa3 Qc7 14. Rac1 b6
15. Qb3 Bh5 16. Qd1 Bxe2 17. Qxe2 Rac8 18. e4 dxe4 19. Nxe4 Nxe4 20. Qxe4 Nf6
21. Qe2 Rfd8 22. Nf3 c5 23. dxc5 Qxc5 24. Rcd1 h6 25. h3 Qa5 26. a3 Qa4 27. Nd4
Rd5 28. Ra1 Rdc5 29. Red1 Nd5 30. Nxe6 Qe8 31. Nd4 Qa4 32. Qg4 Nf6 33. Qf3 R5c7
34. Re1 Re8 35. Qg3 Rce7 36. Rxe7 Rxe7 37. Nf5 Nh5 38. Nxe7+ Kh7 39. Qd3+ g6
40. Qd5 Qf4 41. Re1 Kg7 42. Qd4+ Qf6 43. Qxf6+ Kxf6 44. Nd5+ Kg7 45. Re7 a5 46.
Nxb6 Nf6 47. c4 Kf8 48. Ra7 Ne4 49. c5 Nxc5 50. Nd7+ Nxd7 51. Rxd7 Ke8 52. Ra7
f5 53. Rxa5 1-0

[Event "43. Olimpiada Batumi 2018 Femenina"]
[Site "Batumi GEO"]
[Date "2018.10.05"]
[Round "11.4"]
[White "Nuha, Rilwan"]
[Black "Allotey, Dorcas"]
[Result "1-0"]
[WhiteElo "1053"]
[BlackElo "1241"]
[PlyCount "95"]
[EventDate "2018.09.24"]
[EventType "team-swiss"]
[EventRounds "11"]
[EventCountry "GEO"]
[SourceTitle "Ajedrez en Madrid"]
[Source "lmi"]
[SourceDate "2018.09.24"]
[WhiteTeam "Maldives"]
[BlackTeam "Ghana"]
[WhiteTeamCountry "MDV"]
[BlackTeamCountry "GHA"]

1. e4 Nc6 2. d4 Nf6 3. Nc3 e6 4. e5 Bb4 5. exf6 Qxf6 6. Nf3 O-O 7. Qd3 h6 8.
Be2 d6 9. O-O e5 10. Be3 Bf5 11. Qd2 e4 12. Ne1 Qg6 13. a3 Bh3 14. axb4 Nxb4
15. Nxe4 Qxe4 16. Qxb4 Bf5 17. Bd3 Qd5 18. Bxf5 Qxf5 19. Qxb7 a5 20. Qxc7 Qb5
21. Qc3 Rfc8 22. Qb3 Qf5 23. Nd3 Rcb8 24. Qa3 Qc8 25. Rfc1 Qc6 26. Bf4 Rb5 27.
Qxd6 Qxd6 28. Bxd6 Rd8 29. Bc7 Rxd4 30. Bxa5 h5 31. g3 h4 32. Kg2 g5 33. Bc3
Re4 34. Re1 Rg4 35. Re8+ Kh7 36. Rh8+ Kg6 37. Ne5+ Rxe5 38. Bxe5 Re4 39. Bc3
Re2 40. Ra6+ Kf5 41. Rf6+ Ke4 42. Re8+ Kd5 43. Rxe2 Kc4 44. Re4+ Kd5 45. Re7
Kc5 46. Rd7 Kb5 47. Rc7 Ka4 48. Rb6 1-0

[Event "43. Olimpiada Batumi 2018 Femenina"]
[Site "Batumi GEO"]
[Date "2018.10.05"]
[Round "11.1"]
[White "Esse, Akua Kosife"]
[Black "Beekhy, Aamirah"]
[Result "1-0"]
[WhiteElo "1355"]
[BlackElo "1397"]
[PlyCount "73"]
[EventDate "2018.09.24"]
[EventType "team-swiss"]
[EventRounds "11"]
[EventCountry "GEO"]
[SourceTitle "Ajedrez en Madrid"]
[Source "lmi"]
[SourceDate "2018.09.24"]
[WhiteTeam "Togo"]
[BlackTeam "Mauritius"]
[WhiteTeamCountry "TOG"]
[BlackTeamCountry "MRI"]

1. d4 g6 2. e3 Bg7 3. Bd3 Nf6 4. Nf3 O-O 5. c4 d6 6. O-O Nbd7 7. Nbd2 Re8 8.
Qc2 e5 9. d5 Nc5 10. e4 Nxd3 11. Qxd3 Nd7 12. b4 b6 13. Nb3 Nb8 14. Re1 f5 15.
exf5 Bxf5 16. Qe3 e4 17. Nfd4 Bd7 18. Rb1 c5 19. bxc5 bxc5 20. Nb5 Qb6 21. Nd2
Bf5 22. Rb3 Qd8 23. Bb2 Bf8 24. Qc3 Re5 25. f4 exf3 26. Nxf3 Rxe1+ 27. Nxe1 Qh4
28. Qh8+ Kf7 29. Nxd6+ Bxd6 30. Qg7+ Ke8 31. Re3+ Be7 32. Qg8+ Kd7 33. Qg7 Be4
34. d6 Nc6 35. dxe7 Nxe7 36. Bf6 Re8 37. Bxh4 1-0